[Event "Pinneberg op Seniors 11th"]
[Site "Pinneberg"]
[Date "2010.07.29"]
[Round "6"]
[White "Stoffregen, Heinrich"]
[Black "Ramm, Helga"]
[Result "1-0"]
[WhiteElo "1286"]
[BlackElo "874"]
[PlyCount "35"]
[EventDate "2010.06.24"]
[EventType "swiss"]
[EventRounds "7"]
[EventCountry "GER"]
[SourceTitle "EXT 2011"]
[Source "ChessBase"]
[SourceDate "2010.11.26"]
[SourceVersion "1"]
[SourceVersionDate "2010.11.26"]
[SourceQuality "1"]

1. d4 d5 2. Nd2 Nc6 3. e3 Nf6 4. a3 e6 5. Ngf3 Bd6 6. Bd3 0-0 7. c4 Qe7 8. Qc2 g6 9. b4 e5 10. cxd5 exd4 11. 0-0 Ne5 12. Re1 Nxd3 13. Qxd3 Nxd5 14. exd4 Be6 15. Bb2 Nf4 16. Qc3 c6 17. d5 cxd5 18. Qg7# 1-0

[Event "Pinneberg op Seniors 11th"]
[Site "Pinneberg"]
[Date "2010.06.24"]
[Round "1"]
[White "Bobzin, Volker"]
[Black "Ramm, Helga"]
[Result "1-0"]
[WhiteElo "1494"]
[BlackElo "874"]
[PlyCount "89"]
[EventDate "2010.06.24"]
[EventType "swiss"]
[EventRounds "7"]
[EventCountry "GER"]
[SourceTitle "EXT 2011"]
[Source "ChessBase"]
[SourceDate "2010.11.26"]
[SourceVersion "1"]
[SourceVersionDate "2010.11.26"]
[SourceQuality "1"]

1. d4 d5 2. c4 Bf5 3. cxd5 Qd6 4. Nc3 Nd7 5. e4 Bg6 6. Nf3 e6 7. Bd3 e5 8. Be3 Be7 9. Nb5 Qb6 10. dxe5 Bc5 11. Bxc5 Nxc5 12. Rc1 Ne7 13. 0-0 0-0 14. Nc3 Bh5 15. Be2 Bg6 16. Bd3 Bh5 17. Qd2 a6 18. Qe3 Qb4 19. a3 Qb6 20. Be2 Ng6 21. Qg5 Bxf3 22. Bxf3 Nd3 23. Rc2 Rae8 24. e6 fxe6 25. dxe6 Qxe6 26. Qd5 Ngf4 27. Qxe6+ Rxe6 28. Rd2 Nh3+ 29. Kh1 Nhxf2+ 30. Rfxf2 Nxf2+ 31. Rxf2 b5 32. e5 Rxe5 33. Bd5+ Rf7 34. Bxf7+ Kf8 35. Bc4+ Ke7 36. Re2 bxc4 37. Rxe5+ Kd6 38. Rd5+ Kc6 39. Rd4 Kc5 40. Rd7 Kc6 41. Rxg7 a5 42. Rxh7 Kd6 43. Rh6+ Kc5 44. Ra6 c6 45. Rxa5+ 1-0

[Event "Hamburg-ch Seniors op 15th"]
[Site "Hamburg"]
[Date "2008.10.29"]
[Round "3"]
[White "Warneke, Perygrin"]
[Black "Ramm, Helga"]
[Result "1-0"]
[WhiteElo "1397"]
[BlackElo "910"]
[PlyCount "93"]
[EventDate "2008.10.27"]
[EventType "swiss"]
[EventRounds "9"]
[EventCountry "GER"]
[SourceTitle "EXT 2022"]
[Source "ChessBase"]
[SourceDate "2021.10.06"]
[SourceVersion "1"]
[SourceVersionDate "2021.10.06"]
[SourceQuality "1"]

1. d4 d5 2. Nf3 Nc6 3. c4 Nf6 4. Nc3 e6 5. Bg5 Be7 6. e3 a6 7. Bd3 Nb4 8. Be2 Ne4 9. Bxe7 Qxe7 10. 0-0 Nxc3 11. bxc3 Nc6 12. cxd5 exd5 13. c4 Be6 14. Qa4 0-0 15. c5 Bg4 16. h3 Bxf3 17. Bxf3 Qe6 18. Qb3 Ne7 19. Qxb7 Qd7 20. Qb2 c6 21. Qc2 f5 22. Rab1 Ng6 23. Rb2 Nh4 24. Be2 Qf7 25. Rfb1 Qg6 26. Bf1 Nf3+ 27. Kh1 Nh4 28. Rb7 h5 29. R1b2 Qg5 30. Qb1 Kh7 31. Rb8 Rd8 32. Rxd8 Qxd8 33. Rb6 Qc7 34. Rb7 Qc8 35. Rb6 Kh6 36. Qe1 Qe6 37. Rxa6 Rf8 38. Ra3 f4 39. e4 dxe4 40. f3 e3 41. Qxh4 e2 42. Qe1 Qg6 43. Qxe2 Re8 44. Qd2 Qg3 45. Be2 Qf2 46. Qxf4+ Kg6 47. Bd3+ 1-0

[Event "Pinneberg op Seniors 08th"]
[Site "Pinneberg"]
[Date "2007.06.28"]
[Round "2"]
[White "Ramm, Helga"]
[Black "Dammann, Rudolf"]
[Result "0-1"]
[WhiteElo "926"]
[BlackElo "1370"]
[PlyCount "91"]
[EventDate "2007.06.21"]
[EventType "swiss"]
[EventRounds "5"]
[EventCountry "GER"]
[SourceTitle "EXT 2011"]
[Source "ChessBase"]
[SourceDate "2010.11.26"]
[SourceVersion "1"]
[SourceVersionDate "2010.11.26"]
[SourceQuality "1"]

1. Nf3 d5 2. d4 Nc6 3. c3 g6 4. e3 Bf5 5. Bd3 Bg4 6. Be2 Bxf3 7. Bxf3 Nf6 8. Nd2 e5 9. Nb3 e4 10. Be2 a5 11. Bb5 Qd6 12. a4 Bg7 13. Nc5 0-0 14. Nxb7 Qe6 15. Nc5 Qd6 16. Ba6 Nd7 17. Bb7 Rab8 18. Nxd7 Qxd7 19. Bxc6 Qxc6 20. 0-0 Qc4 21. Rb1 Rb3 22. Bd2 Rfb8 23. Qc2 R8b6 24. f3 Rf6 25. f4 h5 26. Be1 Qxa4 27. Bh4 Rfb6 28. f5 Qc4 29. fxg6 Rxg6 30. Qf2 Qb5 31. Qxf7+ Kh7 32. Qf5 Qe2 33. Rf2 Qg4 34. Qxd5 Rbb6 35. g3 Qxh4 36. Qf5 Rbf6 37. Rf4 Rxf5 38. Rxh4 Rg4 39. Rf1 Kg6 40. Rxg4+ hxg4 41. Rxf5 Kxf5 42. b3 Bf8 43. d5 Ba3 44. Kg2 Bc1 45. Kf2 Ke5 46. c4 0-1

[Event "Hamburg-ch Seniors op 13th"]
[Site "Hamburg"]
[Date "2006.11.03"]
[Round "8"]
[White "Ramm, Helga"]
[Black "Mania, Irmgard"]
[Result "1-0"]
[WhiteElo "915"]
[BlackElo "870"]
[PlyCount "52"]
[EventDate "2006.10.27"]
[EventType "swiss"]
[EventRounds "9"]
[EventCountry "GER"]
[SourceTitle "EXT 2022"]
[Source "ChessBase"]
[SourceDate "2021.10.06"]
[SourceVersion "1"]
[SourceVersionDate "2021.10.06"]
[SourceQuality "1"]

1. Nf3 Nf6 2. e4 Nxe4 3. Bd3 d5 4. Bxe4 dxe4 5. Ne5 Bg4 6. Qxg4 Qd5 7. Qf4 f6 8. c3 Qd6 9. Qxe4 Nc6 10. Nxc6 bxc6 11. 0-0 e5 12. d4 Be7 13. Re1 0-0 14. Qg4 c5 15. Bh6 Rf7 16. Nd2 Kh8 17. Nc4 Qd5 18. Ne3 Qc6 19. Nf5 gxh6 20. Nxh6 Rg7 21. Qh3 Rd8 22. Nf5 Qxg2+ 23. Qxg2 Rdg8 24. Nxg7 Rxg7 25. Qxg7+ Kxg7 26. dxe5 fxe5 1-0

[Event "Hamburg-ch Seniors op 13th"]
[Site "Hamburg"]
[Date "2006.11.01"]
[Round "6"]
[White "Graffenberger, Marianne"]
[Black "Ramm, Helga"]
[Result "1-0"]
[WhiteElo "1266"]
[BlackElo "915"]
[PlyCount "87"]
[EventDate "2006.10.27"]
[EventType "swiss"]
[EventRounds "9"]
[EventCountry "GER"]
[SourceTitle "EXT 2022"]
[Source "ChessBase"]
[SourceDate "2021.10.06"]
[SourceVersion "1"]
[SourceVersionDate "2021.10.06"]
[SourceQuality "1"]

1. e4 Nc6 2. Nf3 e5 3. d4 Bd6 4. dxe5 Nxe5 5. Nxe5 Bxe5 6. c3 d6 7. Nd2 Be6 8. Nf3 Bg4 9. Be2 Bxf3 10. Bxf3 c6 11. 0-0 Nf6 12. Bg5 h6 13. Bh4 Qb6 14. Qc2 0-0-0 15. Kh1 Kb8 16. Be2 g5 17. Bg3 Bxg3 18. fxg3 Nd7 19. Rxf7 Rhf8 20. Rxf8 Rxf8 21. Qd2 Rf6 22. Rf1 Kc7 23. h3 Re6 24. Qc2 Qe3 25. Bf3 Ne5 26. Qe2 Qb6 27. b3 Qc5 28. c4 a5 29. Bg4 Rg6 30. Bh5 Rg7 31. Rf6 Qb4 32. Rxh6 a4 33. Qb2 Nd3 34. Qxg7+ Kb6 35. Qd4+ Nc5 36. bxa4 Qe1+ 37. Kh2 Ka5 38. Rxd6 Nxe4 39. Qe5+ Kxa4 40. Bd1+ Ka3 41. Bb3 Qe3 42. Rd7 b6 43. Ra7+ Kb4 44. Ra4# 1-0

[Event "Pinneberg op Seniors 06th"]
[Site "Pinneberg"]
[Date "2005.07.25"]
[Round "2"]
[White "Ramm, Helga"]
[Black "Von Hohenthal, Ludwig"]
[Result "0-1"]
[WhiteElo "969"]
[BlackElo "1328"]
[PlyCount "76"]
[EventDate "2005.07.25"]
[EventType "swiss"]
[EventRounds "5"]
[EventCountry "GER"]
[SourceTitle "EXT 2011"]
[Source "ChessBase"]
[SourceDate "2010.11.26"]
[SourceVersion "1"]
[SourceVersionDate "2010.11.26"]
[SourceQuality "1"]

1. d4 d5 2. Nc3 e6 3. Nf3 Be7 4. e4 dxe4 5. Nxe4 h6 6. Bc4 Bd7 7. Bf4 Bc6 8. Qe2 Bd5 9. Bd3 Nf6 10. 0-0 Nxe4 11. Bxe4 0-0 12. b3 Bf6 13. c3 c6 14. Bd3 Nd7 15. c4 Bxf3 16. Qxf3 Bg5 17. Qe4 Nf6 18. Qe5 Bxf4 19. Qxf4 Qb8 20. Qf3 Qd6 21. Qe3 Qb8 22. f4 Ng4 23. Qe4 Nf6 24. Qf3 Qd6 25. Qe3 Rad8 26. d5 exd5 27. Rad1 Rfe8 28. Qh3 Qc5+ 29. Kh1 Re3 30. Qf5 Rde8 31. h3 Ne4 32. Rf3 Rxf3 33. gxf3 Ng3+ 34. Kh2 Nxf5 35. Bxf5 Qf2+ 36. Kh1 Qxf3+ 37. Kg1 Qxd1+ 38. Kg2 Re3 0-1

[Event "Pinneberg op Seniors 05th"]
[Site "Pinneberg"]
[Date "2004.07.01"]
[Round "5"]
[White "Ramm, Helga"]
[Black "Von Hohenthal, Ludwig"]
[Result "0-1"]
[WhiteElo "940"]
[BlackElo "1323"]
[PlyCount "35"]
[EventDate "2004.06.03"]
[EventType "swiss"]
[EventRounds "5"]
[EventCountry "GER"]
[SourceTitle "EXT 2006"]
[Source "ChessBase"]
[SourceDate "2005.11.24"]
[SourceVersion "1"]
[SourceVersionDate "2005.11.24"]
[SourceQuality "1"]

1. e4 e5 2. Nf3 d6 3. d4 exd4 4. Nxd4 Bd7 5. Nc3 c6 6. Bc4 Nf6 7. 0-0 Be7 8. Be3 0-0 9. Qf3 h6 10. Qg3 Kh7 11. Bd3 Kh8 12. Nf3 Nh7 13. Bd4 Nf6 14. e5 dxe5 15. Bxe5 Be6 16. Rad1 Qc8 17. Nh4 Ne8 18. Ng6+ 0-1

[Event "Pinneberg op Seniors 05th"]
[Site "Pinneberg"]
[Date "2004.06.10"]
[Round "2"]
[White "Lubisch, Gerwalt"]
[Black "Ramm, Helga"]
[Result "1-0"]
[WhiteElo "1521"]
[BlackElo "940"]
[PlyCount "91"]
[EventDate "2004.06.03"]
[EventType "swiss"]
[EventRounds "5"]
[EventCountry "GER"]
[SourceTitle "EXT 2011"]
[Source "ChessBase"]
[SourceDate "2010.11.26"]
[SourceVersion "1"]
[SourceVersionDate "2010.11.26"]
[SourceQuality "1"]

1. d4 d5 2. e3 Nf6 3. Bd3 Nc6 4. c3 g6 5. f4 Bg7 6. Nf3 b6 7. Nbd2 Bg4 8. 0-0 Qd7 9. e4 Rd8 10. e5 Nh5 11. Qe1 Nxf4 12. Ng5 Nxd3 13. Qe3 Nxc1 14. Raxc1 e6 15. Rxf7 Qc8 16. Rxg7 Rf8 17. Nxh7 Rh8 18. Nf6+ Kf8 19. Rxg6 Bf5 20. Rg5 Kf7 21. Qg3 Rhg8 22. Nxg8 Rxg8 23. Nf3 Ne7 24. Rxg8 Nxg8 25. Rf1 c5 26. Ng5+ Ke7 27. Qh4 Kd7 28. Nf7 Ne7 29. Nd6 Qa6 30. Qh8 Kc6 31. Qe8+ Kc7 32. Qxe7+ Kc6 33. Qe8+ Kc7 34. Nb5+ Kb7 35. Qd7+ Kb8 36. Qd6+ Ka8 37. Nc7+ Kb7 38. Nxa6 Kxa6 39. dxc5 Bd3 40. Rf7 Kb5 41. Rxa7 Kc4 42. Qxb6 d4 43. Ra4+ Kd5 44. Qd6+ Ke4 45. Qxd4+ Kf5 46. Qxd3+ 1-0

[Event "Pinneberg op Seniors 02nd"]
[Site "Pinneberg"]
[Date "2001.07.27"]
[Round "3"]
[White "Von Hohenthal, Ludwig"]
[Black "Ramm, Helga"]
[Result "1-0"]
[WhiteElo "1334"]
[BlackElo "1210"]
[PlyCount "41"]
[EventDate "2001.06.07"]
[EventType "swiss"]
[EventRounds "5"]
[EventCountry "GER"]
[SourceTitle "EXT 2011"]
[Source "ChessBase"]
[SourceDate "2010.11.26"]
[SourceVersion "1"]
[SourceVersionDate "2010.11.26"]
[SourceQuality "1"]

1. e4 e5 2. Be2 Nf6 3. d3 Nc6 4. a3 Bc5 5. h3 Nd4 6. Nf3 d5 7. Bg5 dxe4 8. Nxe5 Qd5 9. Bxf6 gxf6 10. Ng4 f5 11. Nf6+ Ke7 12. Nxd5+ Kd6 13. dxe4 fxe4 14. Nbc3 Rg8 15. Nxe4+ Kc6 16. Nxc5 Kxc5 17. Nf6 Rxg2 18. b4+ Kd6 19. Qxd4+ Ke7 20. Nd5+ Ke8 21. Nxc7+ 1-0